[Event "4th Open"]
[Site "Tanta City EGY"]
[Date "2001.04.19"]
[Round "2"]
[White "Szieberth,A"]
[Black "Jirovsky,M"]
[Result "1-0"]
[WhiteElo "2389"]
[BlackElo "2452"]

1.e4 d5 2.exd5 Qxd5 3.Nc3 Qd6 4.d4 Nf6 5.Bc4 a6 6.Bb3 Nc6 7.Nf3 Bf5 8.Bg5 Rd8
9.O-O h6 10.Be3 e6 11.h3 Be7 12.a3 O-O 13.Qe2 Rfe8 14.Na4 Be4 15.Rfd1 Na5
16.Nd2 Nxb3 17.cxb3 Bc6 18.Nc3 Bd5 19.Nc4 Qd7 20.Bf4 c5 21.dxc5 Bxc5 22.b4 Bf8
23.Ne5 Qe7 24.Rac1 Rc8 25.Ng4 Bc4 26.Qf3 Nxg4 27.Qxg4 e5 28.Bxh6 f5 29.Qxf5 gxh6
30.Rd7 Be6 31.Qg6+ Bg7 32.Rxe7 Rxe7 33.Rd1 Rf8 34.Nd5 Ree8 35.Nc7 Bf7 36.Qd6 Rc8
37.Ne6  1-0

[Event "2nd ch-EUR Women"]
[Site "Warsaw POL"]
[Date "2001.04.23"]
[Round "2"]
[White "Velcheva,M"]
[Black "Chelushkina,I"]
[Result "1/2-1/2"]
[WhiteElo "2244"]
[BlackElo "2388"]

1.e4 d5 2.exd5 Qxd5 3.Nc3 Qd8 4.d4 Nf6 5.Nf3 Bg4 6.h3 Bxf3 7.Qxf3 c6 8.Be3 e6
9.Bc4 Nbd7 10.O-O Bd6 11.Rad1 O-O 12.Bb3 Qc7 13.Ne4 Nxe4 14.Qxe4 b5 15.c3 Nf6
16.Qh4 Nd5 17.Bc2 f5 18.Rfe1 Rae8 19.Bd2 c5 20.dxc5 Bxc5 21.Bb3 Kh8 22.Bxd5 exd5
23.Bf4 Rxe1+ 24.Rxe1 Qf7 25.b4 Bb6 26.Re7 Qg6 27.Be5 Rg8 28.Rd7 Qe8 29.Qe7 Qxe7
30.Rxe7 h6 31.Kf1 Kh7 32.Rd7 Kg6 33.f4 h5 34.Ke2 Kh7 35.Kf3 Kg6 36.Ke2 Kh6
37.Rxd5 g5 38.fxg5+ Kxg5 39.Kf3 Rd8 40.Bf4+ Kg6 41.Rxd8 Bxd8 42.Ke3 Bf6 43.Kd3 Kf7
44.c4 a6 45.c5 Ke6 46.c6 Be7 47.Kc3 Bf6+ 48.Kd3 Bb2 49.Kc2 Bf6 50.Kb3 Be7
51.a4 Bf8 52.axb5 axb5 53.Kc3 Bg7+ 54.Kd3 Bf6 55.Ke3 Bg7 56.Kd3 Bf6  1/2-1/2

[Event "2nd ch-EUR Women"]
[Site "Warsaw POL"]
[Date "2001.04.25"]
[Round "4"]
[White "Calzetta,M"]
[Black "Chelushkina,I"]
[Result "0-1"]
[WhiteElo "2310"]
[BlackElo "2388"]

1.e4 d5 2.exd5 Qxd5 3.Nc3 Qd8 4.d4 Nf6 5.Bg5 c6 6.Qd2 h6 7.Bh4 Be6 8.Nf3 Nbd7
9.Bd3 Nb6 10.O-O-O g5 11.Bg3 Bg7 12.Ne5 Nh5 13.Rhe1 Nxg3 14.hxg3 Qxd4 15.Nb5 Qd8
16.Qe2 Nd5 17.Nd4 Qd6 18.Nc4 Qd7 19.Nxe6 Qxe6 20.Qxe6 fxe6 21.Rxe6 O-O 22.f3 Bf6
23.c3 Rfd8 24.Na5 Rab8 25.Bf5 Kg7 26.c4 Nb4 27.Rxd8 Rxd8 28.a3 Na6 29.b4 Rb8
30.Re2 Nc7 31.Rd2 Be5 32.Rd7 Bxg3 33.Bg4 Kf6 34.Kc2 Bf4 35.Rd1 Bd6 36.Re1 c5
37.b5 a6 38.b6 Na8 39.Re6+ Kg7 40.Bf5 Nxb6 41.Be4 Nd7 42.Rg6+ Kf7 43.Rxh6 Nf8
44.Bd3 b6 45.Nb3 g4 46.Rh7+ Kf6 47.Be4 Bf4  0-1

[Event "2nd ch-EUR Women"]
[Site "Warsaw POL"]
[Date "2001.04.27"]
[Round "6"]
[White "Skripchenko,A"]
[Black "Chelushkina,I"]
[Result "1-0"]
[WhiteElo "2441"]
[BlackElo "2388"]

1.e4 d5 2.exd5 Qxd5 3.Nc3 Qd8 4.d4 Nf6 5.Nf3 Bg4 6.h3 Bxf3 7.Qxf3 c6 8.Be3 e6
9.Bd3 Bb4 10.O-O Nbd7 11.Ne4 Nxe4 12.Bxe4 Bd6 13.c4 O-O 14.Bc2 Qh4 15.Rfe1 Rfe8
16.Rad1 Nf8 17.Qg4 Qe7 18.Bc1 Qc7 19.h4 c5 20.h5 f5 21.Qf3 cxd4 22.Rxd4 Bc5
23.Rdd1 Bb4 24.Re2 Rad8 25.Rxd8 Rxd8 26.a3 Be7 27.b3 Bf6 28.g3 b6 29.Rd2 Re8
30.Rd1 g5 31.g4 f4 32.Qe4 Qe5 33.Qxe5 Bxe5 34.a4 Bf6 35.Ba3 Be7 36.Bb2 Kf7
37.Kf1 Rc8 38.Ke2 Bb4 39.Be4 Be7 40.Be5 Rc5 41.Bb8 Ra5 42.Bc6 Rc5 43.Bb5 Rc8
44.Bxa7 Bc5 45.a5 bxa5 46.Bxc5 Rxc5 47.Ra1 e5 48.Rxa5 Ne6 49.Ra7+ Kf6 50.Kd3 e4+
51.Kxe4 Re5+ 52.Kd3 Nc5+ 53.Kc3 Ne4+ 54.Kd4 Nxf2 55.Ra6+ Re6 56.Rxe6+ Kxe6
57.Ba6 Kd7 58.Ke5 h6 59.Kf5 Nd3 60.Bb7 Nc5 61.Bd5 Nxb3 62.Kg6 Ke7 63.Kxh6 Kf6
64.Kh7 Nc5 65.Kg8 Nd7 66.c5 Ke5 67.Bf3  1-0

[Event "Astral Open"]
[Site "Bucharest ROM"]
[Date "2001.04.28"]
[Round "8"]
[White "Vajda,Al"]
[Black "Mateuta,G"]
[Result "1/2-1/2"]
[WhiteElo "2409"]
[BlackElo "2416"]

1.e4 d5 2.exd5 Qxd5 3.Nc3 Qd8 4.d4 Nf6 5.Be2 c6 6.f4 h5 7.Nf3 Bg4 8.h3 Bxf3
9.Bxf3 e6 10.Be3 Nbd7 11.Qd3 g6 12.O-O-O Qc7 13.h4 a5 14.Kb1 Be7 15.Qe2 a4
16.Bc1 Kf8 17.g3 Kg7 18.d5 cxd5 19.Bxd5 Ra5 20.Bc4 Rc8 21.b3 a3 22.Nb5 Qb6
23.Bd2 Raa8 24.Be3 Nc5 25.g4 Kf8 26.g5 Nfe4 27.Bd4 Qc6 28.Rh2 Rd8 29.Qe3 Kg8
30.Bf1 Bf8 31.c4 Rxd4 32.Rxd4 Nd6 33.Nxd6 Bxd6 34.Rhd2 Bf8 35.Rd8 Rxd8 36.Rxd8 Na6
37.Be2  1/2-1/2

[Event "Bundesliga 2000-1"]
[Site "Plauen GER"]
[Date "2001.04.29"]
[Round "15"]
[White "Breder,D"]
[Black "Pfretzschner,R"]
[Result "1/2-1/2"]
[WhiteElo "2383"]
[BlackElo "2292"]

1.e4 d5 2.exd5 Qxd5 3.Nc3 Qd6 4.d4 Nf6 5.Bc4 a6 6.Nf3 b5 7.Bb3 Bb7 8.Qe2 e6
9.Bg5 Nbd7 10.O-O-O c5 11.dxc5 Qxc5 12.h4 Be7 13.Nd4 Qe5 14.Qd3 Nc5 15.Qh3 Nxb3+
16.axb3 Nd5 17.Nxd5 Bxg5+ 18.hxg5 Bxd5 19.Qg4 Qe4 20.Qxe4 Bxe4 21.f3 Bd5
22.Rh4 f6 23.g6 O-O-O 24.gxh7 Rd7 25.Rdh1 e5 26.Nf5 Be6 27.Ng3 Kd8 28.Ne4 Rc7
29.b4 Bf5 30.Nc5 Ke7 31.g4 Bg6 32.c3 a5 33.R4h2 axb4 34.cxb4 Rcc8 35.Rd2 Rc7
36.Rdh2 Rcc8 37.Rd2 Rc7 38.Rhd1 Be8 39.Rh1  1/2-1/2

[Event "2nd ch-EUR Women"]
[Site "Warsaw POL"]
[Date "2001.05.01"]
[Round "9"]
[White "Gvetadze,S"]
[Black "Mashinskaya,I"]
[Result "1-0"]
[WhiteElo "2208"]
[BlackElo "2318"]

1.e4 d5 2.exd5 Qxd5 3.Nc3 Qd6 4.d3 Nf6 5.h3 Nc6 6.Be3 e5 7.Qd2 Be6 8.f4 exf4
9.Bxf4 Qd7 10.a3 O-O-O 11.O-O-O Nd5 12.Nxd5 Qxd5 13.Nf3 f6 14.c4 Qh5 15.d4 g5
16.Bh2 g4 17.hxg4 Bxg4 18.Be2 Qg6 19.d5 Bh6 20.Bf4 Bxf4 21.Qxf4 Bxf3 22.Bxf3 Ne5
23.Be4 Qg5 24.Qxg5 fxg5 25.b3 h6 26.Rdf1 c6 27.Rf6 cxd5 28.cxd5 h5 29.Rf5 Ng4
30.Rxg5 Rhe8 31.Bf5+ Kc7 32.Be6 Nf2 33.Rhxh5 Nd3+ 34.Kc2 Nf4 35.Rh7+ Kd6
36.Rxb7 Nxe6 37.dxe6 Rxe6 38.Rxa7 Re2+ 39.Kd3 Ra2 40.a4 Kc6+ 41.Kc3 Rc8 42.Raa5  1-0

[Event "2nd ch-EUR Women"]
[Site "Warsaw POL"]
[Date "2001.05.02"]
[Round "10"]
[White "Matras,A"]
[Black "Chelushkina,I"]
[Result "0-1"]
[WhiteElo "2220"]
[BlackElo "2388"]

1.e4 d5 2.exd5 Qxd5 3.Nc3 Qd8 4.d4 Nf6 5.Nf3 c6 6.h3 a5 7.Bd3 g6 8.O-O Bg7
9.Be3 O-O 10.Qd2 Na6 11.a3 Nc7 12.Rfe1 Ncd5 13.Bh6 Nxc3 14.bxc3 a4 15.Ne5 Qa5
16.Nc4 Bxh6 17.Qxh6 Qxc3 18.Rad1 Bf5 19.Bxf5 Qxc4 20.Rxe7 Ra5 21.Be6 Qxc2
22.Re1 Raa8 23.g4 Qc3 24.Re3 Qxd4 25.Rf3 Rae8 26.Rxf7 Rxf7 27.Bxf7+ Kxf7
28.g5 Re1+ 29.Kg2 Ke6 30.Qg7 Qe5 31.Rxf6+ Kd5 32.Qd7+ Kc5 33.Qg4 Qe4+ 34.Qxe4 Rxe4
35.Rf7 b5 36.Rxh7 Kc4 37.Kf3 Re6 38.Rd7 c5 39.Kg4 b4 40.axb4 cxb4 41.f4 a3
42.f5 Re4+ 43.Kf3 gxf5 44.g6 a2 45.g7 Re8  0-1

[Event "2nd ch-EUR Women"]
[Site "Warsaw POL"]
[Date "2001.05.02"]
[Round "10"]
[White "Dimitrijevic,A"]
[Black "Mashinskaya,I"]
[Result "1-0"]
[WhiteElo "2152"]
[BlackElo "2318"]

1.e4 d5 2.exd5 Qxd5 3.Nc3 Qd6 4.d4 Nf6 5.Nf3 a6 6.h3 Nc6 7.Bc4 Bf5 8.a3 e6
9.O-O Be7 10.b4 Rd8 11.Ne2 e5 12.Bb2 e4 13.Ng3 Bg6 14.Ne5 Nxd4 15.Nxg6 hxg6
16.Re1 Rh4 17.c3 Ne6 18.Qb3 b5 19.Rad1 Qc6 20.Rxd8+ Nxd8 21.Bf1 Qe6 22.c4 Nh5
23.Nxh5 Rxh5 24.Qc2 f5 25.cxb5 axb5 26.Bxb5+ Kf8 27.Qxc7 Qd6 28.Qxd6 Bxd6
29.Rd1 Ke7 30.Bxg7 Nf7 31.Bc4 Rh7 32.Bf8+ Kxf8 33.Bxf7 Bxb4 34.Bxg6 Rg7 35.axb4 Rxg6
36.Rd5 Rf6 37.b5 Kg7 38.b6 Rxb6 39.Rxf5 Re6 40.Kf1 e3 41.fxe3 Rxe3 42.Kf2 Ra3
43.Rf3 Ra2+ 44.Kg3 Kg6 45.Rf2 Ra3+ 46.Kh4 Ra4+ 47.g4 Ra3 48.Rb2 Ra6 49.Rb4 Rc6
50.Rb3 Ra6 51.Kg3 Kg5 52.h4+ Kg6 53.Re3 Rb6 54.h5+ Kh6 55.Kh4 Rb5 56.g5+ Kg7
57.Kg4 Rb4+ 58.Kf5 Rb5+ 59.Re5 Rb6 60.Re7+ Kf8 61.Re6 Rb8 62.Kg6 Kg8 63.h6 Rf8
64.Kh5 Rf1 65.Re7 Ra1 66.Rb7 Ra5 67.Rg7+ Kh8 68.Re7 Kg8 69.Kg6 Ra8 70.Kf6 Rf8+
71.Ke5 Rf1 72.g6 Re1+ 73.Kd6 Rd1+ 74.Kc7 Rc1+ 75.Kd8 Rd1+ 76.Ke8 Rh1 77.Rg7+ Kh8
78.Kf8 Rf1+ 79.Rf7  1-0

[Event "TCh-YUG Women"]
[Site "Herceg Novi YUG"]
[Date "2001.05.14"]
[Round "1"]
[White "Vujosevic,Sn"]
[Black "Chelushkina,I"]
[Result "1/2-1/2"]
[WhiteElo "2022"]
[BlackElo "2388"]

1.e4 d5 2.exd5 Qxd5 3.Nc3 Qd8 4.d4 Nf6 5.Nf3 c6 6.Be2 g6 7.O-O Bg7 8.h3 O-O
9.Be3 Nbd7 10.Qd2 Nd5 11.Nxd5 cxd5 12.c3 Nf6 13.Bh6 Ne4 14.Qf4 f6 15.Bxg7 Kxg7
16.Bd3 Qd6 17.Qe3 f5 18.Bxe4 dxe4 19.Ne5 b6 20.f3 Bb7 21.fxe4 Bxe4 22.Rae1 Rae8
23.Rf2 b5 24.Nd3 Bxd3 25.Qxd3 e5 26.Qxb5 e4 27.Qc5 Qxc5 28.dxc5 Rd8 29.Rfe2 Kf6
30.Kf2 Ke5 31.g3 h5 32.h4 Kd5 33.b4 Kc4 34.Re3 Rf6 35.a4 a5 36.bxa5 Rb8 37.R3e2 Kxc5
38.Rd1 Rb3 39.Red2 Rxc3 40.Rd5+ Kb4 41.R1d4+ Ka3 42.Rb5 f4 43.Rxe4 fxg3+
44.Kg1 Rf2 45.Re1 Kxa4 46.Rg5 Rf6 47.Ra1+ Ra3 48.Rxa3+ Kxa3 49.Kg2 Kb4 50.Kxg3 Kc4
51.Re5 Kb4 52.Rd5 Kc4 53.Rd1 Kb5 54.Ra1 Ka6 55.Ra2 Rf1 56.Kg2 Rf4 57.Kg3 Rg4+
58.Kh3 Re4 59.Kg3 Rd4 60.Kh3 Rd3+ 61.Kg2 Re3 62.Ra1 Re4 63.Kg3 Rd4  1/2-1/2

[Event "TCh-YUG"]
[Site "Herceg Novi YUG"]
[Date "2001.05.15"]
[Round "2"]
[White "Kovacevic,A"]
[Black "Radibratovic,P"]
[Result "1-0"]
[WhiteElo "2527"]
[BlackElo "2343"]

1.e4 d5 2.exd5 Qxd5 3.Nc3 Qd6 4.d4 c6 5.Nf3 Bg4 6.Be3 Nd7 7.Be2 Ngf6 8.Qd2 e6
9.Bf4 Qb4 10.a3 Qa5 11.O-O Be7 12.Rfe1 O-O 13.h3 Bh5 14.b4 Qd8 15.Na4 b5
16.Nc5 Nxc5 17.bxc5 a5 18.a4 b4 19.Ne5 Qc8 20.g4 Bg6 21.Bf3 Nd5 22.Bxd5 cxd5
23.Nxg6 hxg6 24.c3 bxc3 25.Qxc3 g5 26.Bg3 Bd8 27.Rab1 Bc7 28.Rb5 Re8 29.Reb1 Bxg3
30.Qxg3 Qc6 31.Qe3 e5 32.dxe5 d4 33.Qxd4 Rad8 34.Qc3 Qe4 35.Re1 Qxa4 36.Rxa5 Qf4
37.c6 Rd2 38.Rf1 Rd4 39.Rc5 Rxe5 40.c7 Rxc5 41.Qxc5  1-0

[Event "XXXVI Capablanca Mem Premier II"]
[Site "Havana CUB"]
[Date "2001.05.17"]
[Round "11"]
[White "Herrera,I"]
[Black "Matamoros Franco,C"]
[Result "1-0"]
[WhiteElo "2432"]
[BlackElo "2467"]

1.e4 d5 2.exd5 Qxd5 3.Nc3 Qd8 4.d4 Nf6 5.Nf3 c6 6.Bc4 Bf5 7.Ne5 e6 8.g4 Bg6
9.h4 Bb4 10.f3 Nd5 11.Bxd5 cxd5 12.h5 f6 13.Nxg6 hxg6 14.Qd3 Bxc3+ 15.bxc3 f5
16.Rb1 Qd7 17.Bg5 Nc6 18.Kf2 gxh5 19.gxh5 Kf7 20.Bf4 Rh7 21.Rbg1 Na5 22.Rg5 Nc4
23.Rhg1 Rah8 24.Qe2 Kf8 25.Be5 Rg8 26.R1g2 Qf7 27.f4 Qe7 28.Kg1 Qa3 29.Qe1 Qxa2
30.Rg6 Nxe5 31.Qxe5 Qb1+ 32.Kh2 Rxh5+ 33.Kg3 Rgh8 34.Qd6+ Kf7 35.Qxe6+ Kf8
36.Qc8+ Kf7 37.Qd7+ Kxg6 38.Kf2+ Kf6  1-0

[Event "TCh-RUS"]
[Site "Tomsk RUS"]
[Date "2001.05.19"]
[Round "6"]
[White "Ozgibcev,A"]
[Black "Zaitsev,Va"]
[Result "1-0"]
[WhiteElo "2459"]
[BlackElo "2426"]

1.e4 d5 2.exd5 Qxd5 3.Nc3 Qd6 4.d4 Nf6 5.Bd3 Bg4 6.Nge2 Nc6 7.f3 Bh5 8.Bf4 Qd7
9.Qd2 e6 10.a3 a6 11.O-O-O O-O-O 12.Bc4 Nd5 13.Bg3 Nce7 14.Nf4 Bg6 15.Bh4 f6
16.Bf2 Nxf4 17.Qxf4 Nd5 18.Nxd5 exd5 19.Bd3 Bd6 20.Qd2 Rhe8 21.Bxg6 hxg6
22.Bg3 g5 23.Rde1 Rxe1+ 24.Rxe1 Bxg3 25.hxg3 Re8 26.Kd1 Kd8 27.Rxe8+ Kxe8
28.Qd3 Kf7 29.Ke2 g4 30.Qb3 c6 31.Kf2 Kg6 32.f4 Qf5 33.Kg1 Qe4 34.Kh2 Qxd4
35.Qxb7 c5 36.Qc8 Qxb2 37.Qxc5 Qb7 38.a4 Kf7 39.c4 dxc4 40.Qxc4+ Kf8 41.Qe6 a5
42.Qxg4 Qc6 43.Qd1 Qc3 44.Qd6+ Kf7 45.Qd7+ Kg8 46.Qe8+ Kh7 47.Qe4+ Kg8 48.g4 Qd2
49.Kh3 Kf7 50.g5 fxg5 51.Qf5+ Ke8 52.Qxg5 Kf7 53.Qf5+ Kg8 54.Qe4 Kf7 55.g4 Qb4
56.Qd5+ Kf8 57.Qd8+ Kf7 58.Qd7+ Kf8 59.Kg3 Qe1+ 60.Kf3 Qf1+ 61.Ke4 Qc4+ 62.Ke5 Qe2+
63.Kf5 Qc2+ 64.Kg5 Qc3 65.Kh5 Qh3+ 66.Kg6 Qh6+ 67.Kf5 Qf6+ 68.Ke4 Qc3 69.g5 Qc4+
70.Kf3 Qf1+ 71.Kg4 Qe2+ 72.Kf5 Qc2+ 73.Ke5 Qe2+ 74.Kd6 Qd3+ 75.Kc6 Qc4+ 76.Kb7 Qxf4
77.Qd8+ Kf7 78.Qxa5 Qe4+ 79.Ka7  1-0

[Event "XXXVI Capablanca Mem Mixto"]
[Site "Havana CUB"]
[Date "2001.05.20"]
[Round "13"]
[White "Collazo,N"]
[Black "Araque,R"]
[Result "0-1"]
[WhiteElo "2182"]
[BlackElo "2320"]

1.e4 d5 2.exd5 Qxd5 3.Nc3 Qd6 4.d4 Nf6 5.Bc4 a6 6.Nf3 b5 7.Bb3 Bb7 8.Ne5 e6
9.Bf4 Qb6 10.d5 c5 11.dxe6 fxe6 12.a4 c4 13.Ba2 Bc5 14.Qe2 O-O 15.O-O Nc6
16.a5 Nxa5 17.Rad1 Rae8 18.Kh1 Nc6 19.b3 Nd5 20.Nxd5 exd5 21.Qh5 Nxe5 22.Bxe5 Qg6
23.Qxg6 hxg6 24.f4 g5 25.Rfe1 gxf4 26.c3 f3 27.gxf3 Rxf3 28.Kg2  0-1

[Event "TCh-YUG Women"]
[Site "Herceg Novi YUG"]
[Date "2001.05.21"]
[Round "8"]
[White "Randjelovic,D"]
[Black "Chelushkina,I"]
[Result "0-1"]
[WhiteElo "2092"]
[BlackElo "2388"]

1.e4 d5 2.exd5 Qxd5 3.Nc3 Qd8 4.Nf3 Nf6 5.h3 c6 6.d3 g6 7.Be2 Bg7 8.O-O O-O
9.Re1 Nbd7 10.Bf1 Re8 11.Bg5 h6 12.Bd2 e5 13.Ne4 Nxe4 14.dxe4 Nf8 15.Bc4 Be6
16.Qe2 b5 17.Bd3 Nd7 18.Be3 f5 19.a4 f4 20.Bd2 a6 21.axb5 cxb5 22.Ba5 Qc8
23.Rec1 Nc5 24.b4 Nxd3 25.cxd3 Qd7 26.Rc7 Qd6 27.Rac1 Rac8 28.R1c5 g5 29.Qc2 Qf8
30.Nxe5 Rxc7 31.Bxc7 Rc8 32.d4 Qe8 33.Nf3 Bf8 34.Rc6 Bc4 35.d5 Bxb4 36.Qb2 Bf8
37.Qf6 Bg7 38.Qf5 Qf8 39.Qe6+ Kh8 40.h4 Re8 41.Qg6 g4 42.Qxg4 Bd3 43.e5 Be4
44.Qd7 b4 45.Nd4 Qg8 46.Ne6 Rxe6 47.Rxe6 Bf8 48.g3 b3 49.Qa4 Bxd5 50.Re8 fxg3
51.Bd6 b2 52.Rb8 gxf2+ 53.Kxf2 Qg2+ 54.Ke3 Qg1+ 55.Kd2 Qc1+ 56.Ke2 Bc4+ 57.Kf2 Qd2+
58.Kg1 Qe1+ 59.Kh2 Qf2+ 60.Kh3  0-1

[Event "Open"]
[Site "Pula CRO"]
[Date "2001.05.25"]
[Round "8"]
[White "Fercec,N"]
[Black "Sulava,N"]
[Result "1/2-1/2"]
[WhiteElo "2433"]
[BlackElo "2526"]

1.e4 d5 2.exd5 Qxd5 3.Nc3 Qd6 4.d4 Nf6 5.Bg5 a6 6.Qd2 Nbd7 7.Bf4 Qb6 8.O-O-O e6
9.d5 Bb4 10.dxe6 fxe6 11.Re1 Nc5 12.Qe3 O-O 13.Nh3 Qa5 14.a3 Bxc3 15.Qxc3 Qxc3
16.bxc3 Na4 17.Bxc7 Nxc3 18.Be5 Ncd5 19.Bc4 b5 20.Bb3  1/2-1/2

[Event "IX Guillermo Garcia Mem"]
[Site "Santa Clara CUB"]
[Date "2001.05.31"]
[Round "7"]
[White "De la Paz,F"]
[Black "Arencibia,W"]
[Result "0-1"]
[WhiteElo "2437"]
[BlackElo "2543"]

1.e4 d5 2.exd5 Qxd5 3.Nc3 Qd6 4.d4 Nf6 5.Nf3 a6 6.h3 Nc6 7.a3 Be6 8.Be3 g6
9.Qd2 Bg7 10.O-O-O Rd8 11.Bf4 Qd7 12.Ne5 Nxe5 13.Bxe5 O-O 14.g4 Bd5 15.Nxd5 Qxd5
16.Bd3 Qa2 17.c3 c5 18.Bb1 Qc4 19.Bd3 Qd5 20.Rhe1 cxd4 21.Bxd4 Rfe8 22.f4 Qf3
23.Kb1 Qxh3 24.g5 Nh5 25.Rh1 Qg3 26.Rxh5 gxh5 27.Rg1 Qf3 28.Bc2 Rd6 29.f5 e5
30.g6 fxg6 31.fxg6 exd4 32.gxh7+ Kh8 33.Bb3 Qe3 34.Qh2 Qe5 35.Qf2 dxc3  0-1

[Event "IHEM"]
[Site "Hamburg GER"]
[Date "2001.06.02"]
[Round "1"]
[White "Mueller,Ka"]
[Black "Trisic,A"]
[Result "1-0"]
[WhiteElo "2525"]
[BlackElo "2283"]

1.e4 d5 2.exd5 Qxd5 3.Nc3 Qd8 4.d4 c6 5.Bc4 Nf6 6.Nf3 e6 7.O-O Nbd7 8.Bg5 Nb6
9.Bb3 a5 10.a4 Be7 11.Ne5 O-O 12.Re1 Nbd5 13.Qf3 Nxc3 14.bxc3 Nd5 15.Bd2 Bg5
16.Bxg5 Qxg5 17.c4 Nf6 18.c5 Rd8 19.c3 Bd7 20.Rab1 Be8 21.Ba2 Ra7 22.Nc4 Nd5
23.Nd6 Qd2 24.Re2 Qh6 25.Nxe8  1-0

[Event "2nd IECC"]
[Site "Ohrid MKD"]
[Date "2001.06.02"]
[Round "2"]
[White "Khruschiov,A"]
[Black "Sulava,N"]
[Result "0-1"]
[WhiteElo "2400"]
[BlackElo "2526"]

1.e4 d5 2.exd5 Qxd5 3.Nc3 Qd6 4.d4 Nf6 5.Nb5 Qb6 6.c4 c6 7.Nc3 e5 8.dxe5 Ng4
9.Qe2 Bc5 10.Ne4 O-O 11.Nxc5 Qxc5 12.f4 Qb4+ 13.Qd2 Na6 14.a3 Qa4 15.Ne2 Be6
16.Nc3 Qb3 17.Qd1 Nc5 18.Qf3 Qc2 19.Be2 Rad8 20.O-O Nb3 21.f5 Nxe5 22.Qg3 Nxa1
23.Qxe5 Bc8 24.f6 Rfe8 25.Qf4 Rxe2 26.Qg5 Rxg2+ 27.Qxg2 Qxg2+ 28.Kxg2 Nb3
29.Be3 Rd3 30.Re1 Be6 31.fxg7 Kxg7 32.Kf2 Bxc4 33.Ne4 f6 34.Bxa7 Bd5 35.Rg1+ Kf7
36.Nd6+ Ke6 37.Nxb7 Rd2+ 38.Kg3 Rxb2 39.Nc5+ Kf5 40.Rf1+ Kg6 41.Nd3 Ra2 42.Nf4+ Kf7
43.Nxd5 cxd5 44.Rf3 Nd2 45.Rd3 Ke6 46.Kf4 Nc4 47.Rh3 Rxa3 48.Rxh7 Ne5 49.Re7+ Kd6  0-1

[Event "2nd IECC"]
[Site "Ohrid MKD"]
[Date "2001.06.10"]
[Round "9"]
[White "Kobalija,M"]
[Black "Kantsler,B"]
[Result "1-0"]
[WhiteElo "2590"]
[BlackElo "2507"]

1.e4 d5 2.exd5 Qxd5 3.Nc3 Qd6 4.d4 Nf6 5.Bc4 a6 6.Bb3 e6 7.Nf3 Be7 8.Bg5 Nbd7
9.Qe2 Nb6 10.O-O-O O-O 11.Ne4 Qd8 12.Bxf6 Bxf6 13.c3 Bd7 14.Bc2 Bb5 15.Qe1 Nd5
16.Kb1 a5 17.h4 a4 18.a3 Bc6 19.Qd2 Bb5 20.g4 Be7 21.Neg5 h6 22.Ne5 hxg5
23.hxg5 Bxg5 24.Bh7+ Kh8 25.Be4+ Kg8 26.Bh7+ Kh8 27.Be4+ Kg8 28.Qc2 Bh6 29.c4 Bxc4
30.Qxc4 b5 31.Qe2 b4 32.g5 Qxg5 33.Rdg1 Qd2 34.Ng4 Bg5 35.Qxd2 Bxd2 36.Bxd5  1-0

[Event "2nd IECC"]
[Site "Ohrid MKD"]
[Date "2001.06.12"]
[Round "11"]
[White "Short,N"]
[Black "Sulava,N"]
[Result "1/2-1/2"]
[WhiteElo "2676"]
[BlackElo "2526"]

1.e4 d5 2.exd5 Qxd5 3.Nc3 Qd6 4.d4 Nf6 5.Be3 Bf5 6.Qf3 Bc8 7.O-O-O c6 8.Bf4 Qb4
9.Nge2 Be6 10.Bc7 Na6 11.a3 Qxc3 12.Qxc3 Nxc7 13.Nf4 Bd7 14.Nd3 Ncd5 15.Qb3 b5
16.Ne5 e6 17.g3 Bd6 18.f4 a5 19.Bg2 a4 20.Qd3 b4 21.Rhe1 O-O 22.Kd2 Bc8 23.Ra1 Ba6
24.Qf3 c5 25.dxc5 Bxc5 26.axb4 Bxb4+ 27.c3 Ba5 28.Rxa4 Bb7 29.Rxa5 Rxa5 30.Qf2 Rd8
31.Kc2 Rc8 32.Kb1 Nxc3+ 33.bxc3 Bxg2 34.Qxg2 Rb8+ 35.Qb2 Raa8 36.c4 Kf8 37.Re3 Rxb2+
38.Kxb2 Ne8 39.Rd3 f6 40.Nd7+ Ke7 41.Nb6 Rd8 42.Ra3 Kd6 43.Rd3+ Kc7 44.Rxd8 Kxd8
45.Kc3 Kc7 46.Na4 Kc6 47.Kb4 e5 48.fxe5 fxe5 49.Kc3 Nf6 50.Kd3 h5 51.h4 Kd6
52.Ke3 Ke6 53.Nc3 Kf5 54.c5 Kg4 55.c6 Ne8 56.Ne4 Nc7 57.Kf2 Kf5 58.Nc5 g5
59.hxg5  1/2-1/2

[Event "43rd Tch-POR"]
[Site "Barreiro POR"]
[Date "2001.06.17"]
[Round "4"]
[White "Mitkov,N"]
[Black "Spraggett,K"]
[Result "1/2-1/2"]
[WhiteElo "2578"]
[BlackElo "2526"]

1.e4 d5 2.exd5 Qxd5 3.Nc3 Qd6 4.d4 Nf6 5.Nf3 a6 6.g3 Bg4 7.Bg2 Nc6 8.O-O O-O-O
9.Bf4 Qb4 10.Ne2 e6 11.Bd2 Qb6 12.c3 Be7 13.a4 a5 14.Re1 Bf5 15.b3 h6 16.Nc1 Rhe8
17.Qe2 Nd5 18.Qb5 Kb8 19.Ra2 Bf6 20.Ne5 Nxe5 21.dxe5 Be7 22.Qxb6 Nxb6 23.Ne2 Bc5
24.c4 Rd3 25.Nc1 Rxd2 26.Rxd2 Bb4 27.Red1 Bxd2 28.Rxd2 c6 29.f4 Kc7 30.Kf2 Nd7
31.Ke3 Nc5 32.h4 g5 33.fxg5 hxg5 34.hxg5 Rh8 35.Bf3 Rh3 36.Kf4 Bg6 37.Kg4 Rh8
38.Kf4 Rh7 39.Ke3 Rh3 40.Kf4 Kb6 41.Rb2 Kc7 42.Rd2 Rh8 43.Ke3 Rb8 44.Rd6 Rh8  1/2-1/2

[Event "43rd Tch-POR"]
[Site "Barreiro POR"]
[Date "2001.06.23"]
[Round "6"]
[White "Fernando,D"]
[Black "Spraggett,K"]
[Result "1/2-1/2"]
[WhiteElo "2404"]
[BlackElo "2526"]

1.e4 d5 2.exd5 Qxd5 3.Nc3 Qd6 4.d4 Nf6 5.Nf3 a6 6.Be3 Bf5 7.Qd2 e6 8.O-O-O c6
9.Nh4 Bg6 10.f3 b5 11.Nxg6 hxg6 12.Ne4 Qd8 13.Nxf6+ gxf6 14.h4 Nd7 15.g4 Nb6
16.Bd3 Nd5 17.h5 g5 18.Be4 a5 19.Kb1 a4 20.f4 gxf4 21.Bxf4 a3 22.Bxd5 Qxd5
23.b3 b4 24.g5 Rd8 25.h6 c5 26.h7 Qxd4 27.Qxd4 Rxd4 28.Rxd4 cxd4 29.gxf6 Kd7
30.Be5 Bd6 31.Bxd4 e5 32.Bb6 Ke6 33.Bd8 Kd7 34.Bb6 Ke6 35.Bd8 Kd7  1/2-1/2

[Event "12th Open"]
[Site "Ljubljana SLO"]
[Date "2001.06.24"]
[Round "2"]
[White "Sax,G"]
[Black "Semrl,M"]
[Result "1-0"]
[WhiteElo "2563"]
[BlackElo "2175"]

1.e4 d5 2.exd5 Qxd5 3.Nc3 Qd8 4.d4 c6 5.h3 Bf5 6.Nf3 e6 7.Bc4 Nd7 8.O-O Be7
9.Bb3 h6 10.Ne2 Ngf6 11.Ng3 Bh7 12.Qe2 O-O 13.c3 Qc7 14.Re1 Rfe8 15.Ne5 Nxe5
16.dxe5 Nd7 17.Nh5 Bf5 18.Bf4 Rad8 19.Rad1 Nf8 20.Qe3 Bg6 21.Nf6+ Bxf6 22.exf6 e5
23.Bxe5 Rxd1 24.Bxd1 Qa5 25.fxg7 Nd7 26.Qxh6 Bh7 27.Bc2 Nf6 28.Bxf6  1-0

[Event "12th Open"]
[Site "Ljubljana SLO"]
[Date "2001.06.26"]
[Round "4"]
[White "Susnik,M"]
[Black "Drobne,M"]
[Result "1-0"]
[WhiteElo "2223"]
[BlackElo "2061"]

1.e4 d5 2.exd5 Qxd5 3.Nc3 Qd6 4.d4 Nf6 5.Nf3 a6 6.Be2 Nc6 7.Bg5 Bf5 8.Qd2 O-O-O
9.Rd1 e5 10.Nxe5 Nxe5 11.dxe5 Qxd2+ 12.Rxd2 Rxd2 13.Kxd2 Nd7 14.f4 Bb4 15.a3 Bc5
16.g4 f6 17.gxf5 fxg5 18.e6 Nf6 19.fxg5 Rd8+ 20.Bd3 Ng4 21.Ne4 Be7 22.h3 Ne5
23.f6 Bd6 24.Rf1 Nxd3 25.Nxd6+ Rxd6 26.cxd3  1-0

[Event "Narciso Yepes"]
[Site "Lorca ESP"]
[Date "2001.06.28"]
[Round "6"]
[White "Ibarra Jerez,JM"]
[Black "Campos G.,LM"]
[Result "0-1"]
[WhiteElo "2161"]
[BlackElo "2421"]

1.e4 d5 2.exd5 Qxd5 3.Nc3 Qd6 4.g3 Nf6 5.d4 Nc6 6.Nb5 Qd8 7.d5 Nb4 8.c4 c6
9.dxc6 Qxd1+ 10.Kxd1 Bg4+ 11.f3 O-O-O+ 12.Ke2 Bf5 13.c7 Rd7 14.Bf4 e5 15.Bxe5 Bc5
16.Bh3 Re8 17.f4 Bd3+ 18.Kd1 Ng4 19.Bd6 Bxd6 20.Bxg4 f5 21.Nxa7+ Kxc7 22.Nb5+ Kb8
23.Bf3 Bc2+ 24.Kd2 Bxf4+  0-1

[Event "12th Open"]
[Site "Ljubljana SLO"]
[Date "2001.06.29"]
[Round "7"]
[White "Zelcic,R"]
[Black "Krumpak,H"]
[Result "1-0"]
[WhiteElo "2503"]
[BlackElo "2115"]

1.e4 d5 2.exd5 Qxd5 3.Nc3 Qd6 4.d4 Nf6 5.Nf3 a6 6.Bd3 Nc6 7.h3 Bd7 8.Ne2 e5
9.dxe5 Nxe5 10.Nxe5 Qxe5 11.Bf4 Qxb2 12.O-O Bd6 13.Bxd6 cxd6 14.Rb1 Qxa2
15.Rxb7 O-O 16.Nc1 Qa4 17.Rb6 Ne4 18.Nb3 Nc5 19.Nxc5 dxc5 20.Qh5 f5 21.Qf3 Qa2
22.Rb7 Qe6 23.Qf4 Bb5 24.Bxb5 axb5 25.Rxb5 Rac8 26.Ra1 Rf7 27.Rab1 Re7 28.R5b3 Qe5
29.Qd2 Qe2 30.Qg5 Rf7 31.Rb8 Rcf8 32.Rxf8+ Rxf8 33.Rb7 Qe1+ 34.Kh2 Qe5+ 35.Qg3 f4
36.Qf3 c4 37.Rd7 Rc8 38.c3 Re8 39.Rd4 Rf8 40.Rxc4 h6 41.Ra4 Rc8 42.Ra8 Rxa8
43.Qxa8+ Kf7 44.Qf3 Ke6 45.Qc6+ Kf5 46.c4 f3+ 47.g3 Qe2 48.g4+ Ke5 49.Kg3 Qf1
50.Qd5+ Kf6 51.Qxf3+ Ke7 52.Qe3+ Kf6 53.c5 g5 54.Qc3+ Ke6 55.c6 Qg1+ 56.Kf3 Qd1+
57.Kg2 Qd8 58.c7 Qc8 59.Qc6+ Ke7 60.Qxh6 Qb7+ 61.Kg1 Qb1+ 62.Kh2 Kd7 63.Qg7+ Kc8
64.Qe7  1-0

[Event "43rd Tch-POR"]
[Site "Barreiro POR"]
[Date "2001.06.30"]
[Round "8"]
[White "Prata,J"]
[Black "Ferreira,An"]
[Result "1/2-1/2"]
[WhiteElo "2079"]
[BlackElo "2216"]

1.e4 d5 2.exd5 Qxd5 3.Nc3 Qd6 4.d4 Nf6 5.Nf3 a6 6.h3 e6 7.Be2 Be7 8.O-O O-O
9.Be3 Nbd7 10.Qd3 c5 11.Rfd1 cxd4 12.Qxd4 Qxd4 13.Nxd4 Bc5 14.Bg5 Ne5 15.Nb3 Bb6
16.a4 Bd7 17.a5 Ba7 18.Rd2 Bc6 19.Bf4 Ng6 20.Bd6 Rfd8 21.Rad1 Rd7 22.Bc5 Rxd2
23.Rxd2 Bxc5 24.Nxc5 Nf4 25.Bf1 Kf8 26.g3 N4d5 27.Nxd5 exd5 28.Bg2 Re8 29.c4 Re1+
30.Kh2 Ne4 31.Nxe4 dxe4 32.g4 Rc1 33.b3 Rc3 34.Re2 Rxb3 35.Bxe4 Ra3 36.Bxc6 bxc6
37.Re5 Rd3 38.Kg2 Rd4 39.Rc5 Rd6 40.h4 f6 41.Kf3 Ke7 42.Rh5 h6 43.Ke3 Rd1
44.g5 hxg5 45.hxg5 fxg5 46.Rxg5 Kf6 47.Rc5 Rd6 48.f4 g6 49.Ke4 Ke6 50.Re5+ Kf6
51.Rg5 Rd1 52.Rc5 Rd6 53.Rg5 Rd1 54.Rc5  1/2-1/2

[Event "12th Open"]
[Site "Ljubljana SLO"]
[Date "2001.06.30"]
[Round "8"]
[White "Kodric,M"]
[Black "Drobne,M"]
[Result "0-1"]
[WhiteElo "2248"]
[BlackElo "2061"]

1.e4 d5 2.exd5 Qxd5 3.Nc3 Qd6 4.d4 Nf6 5.Nf3 a6 6.Be2 Nc6 7.Bg5 Bf5 8.Qd2 O-O-O
9.O-O-O Ne4 10.Nxe4 Bxe4 11.Qe3 Bg6 12.a3 f6 13.Bf4 Qd5 14.c4 Qe4 15.Qxe4 Bxe4
16.d5 Bxf3 17.Bxf3 Na5 18.Be2 Nb3+ 19.Kc2 e5 20.Bxe5 fxe5 21.Kxb3 Bc5 22.Bg4+ Kb8
23.f3 h5 24.Be6 h4 25.Rhe1 Rh5 26.Re4 Rg5 27.Rd2 Rh8 28.Rde2 Bd6 29.Kc3 Rh6
30.Rg4 Rxg4 31.Bxg4 Rf6 32.b4 b6 33.Bd7 Rf4 34.Kb3 Ka7 35.h3 a5 36.Rc2 e4
37.fxe4 Rxe4 38.Ka4 axb4 39.axb4 c5  0-1